LEADER 01151nam a2200313 i 4500 001 991004272232907536 005 20230418130117.0 008 230418s1972 it e 000 0 ita c 040 $aBibl. Interfacoltà T. Pellegrino$bita 082 0 $a335.40922 100 1 $aMarx, Karl,$d<1818-1883>$032587 245 00$aCarteggio Marx-Engels 250 $a3. ed. 260 $aRoma :$bEditori riuniti,$c1972 300 $a6 v.$c18 cm 500 $aCofanetto 505 2 $a1: 1844-1851 / traduzione di M. A. Manacorda 505 2 $a2: 1852-1856 / traduzione di M. A. Manacorda 505 2 $a3: 1857-1860 / traduzione di M. A. Manacorda 505 2 $a4: 1861-1866 / traduzione di Sergio Romagnoli 505 2 $a5: 1867-1869 / traduzione di Sergio Romagnoli, Emma Cantimori Mezzomonti 505 2 $a6: 1870-1883 / traduzione di Emma Cantimori Mezzomonti 600 17$aMarx, Karl - Lettere e carteggi - 1844-1883 600 17$aEngels, Friedrich - Lettere e carteggi - 1844-1883 700 1 $aEngels, Friedrich,$d<1820-1895> 830 3$aLe idee ;$v70/75 912 $a991004272232907536 996 $aCarteggio Marx-Engels$9864223 997 $aUNISALENTO LEADER 01065nam a2200253 i 4500 001 991004382136207536 005 20250516151857.0 008 250516s2002 fr er 001 0 fre d 020 $a291066384 [errato] 020 $a2910663841 [corretto] 040 $aBibl. Dip.le Aggr. Studi Umanistici - Sez. Filosofia$bita$cSocioculturale Scs 041 0 $afre 082 04$a843.4$223 245 00$aMadeleine de Scudéry: une femme de lettres au XVIIe siècle :$bactes du colloque international de Paris (28-30 juin 2001) /$cétudes réunies par Delphine Denis et Anne-Élisabeth Spica 260 $aArras :$bArtois presses université,$c2002 300 $a350 p. ;$c24 cm 490 1 $aÉtudes littéraires 600 14$aScudéry, Madeleine :$cde$xCongressi$zParigi$y2001 700 1 $aDenis, Delphine$eauthor$4http://id.loc.gov/vocabulary/relators/aut$0166944 700 1 $aSpica, Anne Élisabeth 830 0$aÉtudes littéraires 912 $a991004382136207536 996 $aMadeleine de Scudéry: une femme de lettres au XVIIe siècle$94380475 997 $aUNISALENTO